000 00874nam a2200265Ia 4500
005 20260121172920.0
008 008 260114s9999 xx 000 0 eng d
020 _a9783030824464
037 _aEBOOK
040 _aCRL
040 _beng
040 _cCRL
041 _2eng
041 _aeng
084 _qCRL
100 _aCarlos E. Palau, Giancarlo Fortino, Miguel Montesinos, George Exarchakos, Pablo Giménez, Garik Markarian, Valérie Castay, Flavio Fuart, Wies?aw Paw?owski, Marina Mortara, Alessandro Bassi, Frans Gevers, Gema Ibáñez-Sánchez, Ignacio Huet
_91094325
245 0 _aInteroperability of Heterogeneous IoT Platforms
260 _bSpringer
260 _bSpringer
260 _c2021
856 _uhttps://link.springer.com/openurl?genre=book&isbn=978-3-030-82446-4
942 _cEBOOK
999 _c1660067
_d1660067